Truyện cười dân gian Trung Quốc

Với bộ sách "Truyện cười dân gian Trung Quốc" tập 1 và 2, Nhà xuất bản muốn giới thiệu với bạn trẻ Việt Nam về các câu chuyện cười của Trung Quốc, qua đó giúp các bạn có dịp tìm hiểu về văn hóa cổ xưa của nhân dân Trung Quốc...

Ausführliche Beschreibung

Gespeichert in:
Bibliographische Detailangaben
1. Verfasser: Võ, Ngọc Liên
Format: Buch
Sprache:Undetermined
Veröffentlicht: Hà Nội Thanh niên 1996
Schlagworte:
Tags: Tag hinzufügen
Keine Tags, Fügen Sie den ersten Tag hinzu!
Thư viện lưu trữ: Trung tâm Học liệu Trường Đại học Cần Thơ
LEADER 00966nam a2200217Ia 4500
001 CTU_28600
008 210402s9999 xx 000 0 und d
020 |b .000đ 
020 |c 11000 
082 |a 895.17 
082 |b L305/T.2 
100 |a Võ, Ngọc Liên 
245 0 |a Truyện cười dân gian Trung Quốc 
245 0 |c Võ Ngọc Liên (Chủ biên) ... [et al.] 
260 |a Hà Nội 
260 |b Thanh niên 
260 |c 1996 
520 |a Với bộ sách "Truyện cười dân gian Trung Quốc" tập 1 và 2, Nhà xuất bản muốn giới thiệu với bạn trẻ Việt Nam về các câu chuyện cười của Trung Quốc, qua đó giúp các bạn có dịp tìm hiểu về văn hóa cổ xưa của nhân dân Trung Quốc. 
650 |a Wit and humor 
904 |i Nguyễn Quang Điền 
980 |a Trung tâm Học liệu Trường Đại học Cần Thơ